[Event "Arco op 33rd"]
[Site "Arco"]
[Date "2011.10.30"]
[Round "9"]
[White "Aigner, Georg"]
[Black "Savarese, Vincenzo"]
[Result "1-0"]
[WhiteElo "1988"]
[BlackElo "1805"]
[PlyCount "49"]
[EventDate "2011.10.22"]
[EventType "swiss"]
[EventRounds "9"]
[EventCountry "ITA"]
[SourceTitle "EXT 2012"]
[Source "ChessBase"]
[SourceDate "2011.11.24"]
[SourceVersion "1"]
[SourceVersionDate "2011.11.24"]
[SourceQuality "1"]

1. e4 e6 2. d4 d5 3. Nf3 a6 4. Nc3 Nf6 5. Bd3 c5 6. dxc5 Bxc5 7. exd5 exd5 8. Bg5 Be6 9. 0-0 0-0 10. Qd2 Nc6 11. a3 Rc8 12. Rad1 b5 13. Ne2 Bg4 14. Ng3 Bxf3 15. gxf3 Nd4 16. Qf4 Ne6 17. Qh4 Nxg5 18. Qxg5 h6 19. Qf5 g6 20. Qf4 Kg7 21. Kh1 Qc7 22. Qh4 Qd7 23. Nf5+ gxf5 24. Rg1+ Kh7 25. Qxf6 1-0

[Event "Arco op 32nd"]
[Site "Arco"]
[Date "2010.10.18"]
[Round "3"]
[White "Antoniacci, Ricardo"]
[Black "Savarese, Vincenzo"]
[Result "1/2-1/2"]
[WhiteElo "1747"]
[BlackElo "1808"]
[PlyCount "172"]
[EventDate "2010.10.16"]
[EventType "swiss"]
[EventRounds "9"]
[EventCountry "ITA"]
[SourceTitle "EXT 2024"]
[Source "ChessBase"]
[SourceDate "2023.10.10"]
[SourceVersion "1"]
[SourceVersionDate "2023.10.10"]
[SourceQuality "1"]

1. e4 e6 2. d3 d5 3. Nd2 Nf6 4. g3 c5 5. Bg2 Nc6 6. Ngf3 Be7 7. 0-0 0-0 8. Re1 Qc7 9. Nf1 dxe4 10. dxe4 e5 11. Ne3 Rd8 12. Nd5 Nxd5 13. exd5 Bg4 14. h3 Bh5 15. g4 Bg6 16. c3 Rd7 17. Nd2 Na5 18. c4 Rad8 19. Qe2 f6 20. Ne4 b6 21. Bd2 Nb7 22. Bc3 Nd6 23. Nxd6 Bxd6 24. Be4 Bxe4 25. Qxe4 Rf7 26. Re3 Qd7 27. Kf1 Rdf8 28. Rf3 f5 29. gxf5 Rxf5 30. Rxf5 Rxf5 31. Qg4 Qf7 32. Qg3 Rf3 33. Qg4 Rxf2+ 34. Kg1 Rf6 35. Qe4 Rf4 36. Qg2 Rxc4 37. Re1 Qf5 38. Re3 Rh4 39. Qg3 Rh6 40. Kh1 Qf1+ 41. Kh2 e4 42. Be5 Rg6 43. Bxd6 Rxg3 44. Bxg3 Qf5 45. d6 Kf7 46. Rb3 Qd7 47. Rc3 Qc6 48. Kg1 Ke6 49. Kf2 b5 50. Ke3 b4 51. Rc4 Qd5 52. Rxe4+ Kd7 53. Re7+ Kc6 54. Be5 Qg2 55. Rc7+ Kb6 56. Rxg7 Qxh3+ 57. Ke4 Qh1+ 58. Kf5 Qh3+ 59. Kf6 Qh4+ 60. Ke6 Qc4+ 61. Kf6 Qh4+ 62. Kf7 Qh5+ 63. Ke6 Qh3+ 64. Ke7 Kc6 65. Kd8 Qh4+ 66. Kc8 Qh3+ 67. Kb8 Qe6 68. Re7 Qxa2 69. d7 Qa5 70. Kc8 Qa6+ 71. Kd8 Qc4 72. Bf6 a5 73. Rg7 Qe6 74. Bh4 Qe5 75. Rxh7 Qe4 76. Rh6+ Kb5 77. Rd6 Qxh4+ 78. Kc7 Qh7 79. Kb8 Qxd7 80. Rxd7 a4 81. Ra7 b3 82. Kc7 c4 83. Kd6 a3 84. Rxa3 Kb4 85. Ra8 c3 86. bxc3+ Kxc3 1/2-1/2

[Event "Arco op 32nd"]
[Site "Arco"]
[Date "2010.10.16"]
[Round "1"]
[White "Astengo, Marcello"]
[Black "Savarese, Vincenzo"]
[Result "1-0"]
[WhiteElo "2064"]
[BlackElo "1808"]
[PlyCount "147"]
[EventDate "2010.10.16"]
[EventType "swiss"]
[EventRounds "9"]
[EventCountry "ITA"]
[SourceTitle "EXT 2024"]
[Source "ChessBase"]
[SourceDate "2023.10.10"]
[SourceVersion "1"]
[SourceVersionDate "2023.10.10"]
[SourceQuality "1"]

1. d4 d5 2. c4 e6 3. Nc3 Nf6 4. cxd5 exd5 5. Bg5 c6 6. Qc2 Bd6 7. e3 0-0 8. Bd3 h6 9. Bh4 Nbd7 10. Nge2 Re8 11. Ng3 Qa5 12. 0-0 Bxg3 13. Bxg3 Nf8 14. h3 Ne6 15. a3 Qd8 16. Rad1 Qe7 17. Rfe1 Ng5 18. Bh4 Nge4 19. Bxe4 dxe4 20. d5 Bd7 21. Rd4 g5 22. d6 Qe6 23. Bg3 c5 24. Rd2 Rad8 25. Red1 Bc6 26. Ne2 Nd7 27. Nc1 b6 28. b4 f5 29. Ne2 Ba8 30. bxc5 Nxc5 31. Nd4 Qf7 32. Nb5 Bc6 33. d7 Rxd7 34. Nd6 Rxd6 35. Rxd6 Ba4 36. Qb1 Bxd1 37. Qxd1 Kh7 38. Qd4 Qg7 39. Qd5 Qf8 40. Rc6 Rd8 41. Rc7+ Kg6 42. Rc6+ Kh5 43. Qc4 f4 44. exf4 gxf4 45. Qe2+ f3 46. gxf3 Qxf3 47. Qxf3+ exf3 48. Bf4 Rh8 49. Kh2 Rh7 50. Kg3 Nd3 51. Bb8 Kg5 52. Rd6 Nc5 53. Rd5+ Kf6 54. Kxf3 Rd7 55. Rxd7 Nxd7 56. Bxa7 Kf5 57. Ke3 Ne5 58. a4 Nc4+ 59. Kd4 Nb2 60. Bxb6 Nxa4 61. Ba7 Nb2 62. Kc3 Nd1+ 63. Kc2 Nxf2 64. Bxf2 h5 65. Kd3 Kf4 66. h4 Kf3 67. Be1 Kf4 68. Bd2+ Kg4 69. Bg5 Kf5 70. Kd4 Kg4 71. Ke4 Kh3 72. Kf4 Kg2 73. Be7 Kh3 74. Kg5 1-0

[Event "Arco op 30th"]
[Site "Arco"]
[Date "2008.10.25"]
[Round "8"]
[White "Savarese, Vincenzo"]
[Black "Buglisi, Massimo"]
[Result "0-1"]
[WhiteElo "1821"]
[BlackElo "1969"]
[PlyCount "92"]
[EventDate "2008.10.18"]
[EventType "swiss"]
[EventRounds "9"]
[EventCountry "ITA"]
[SourceTitle "CBM 127 Extra"]
[Source "ChessBase"]
[SourceDate "2009.01.08"]
[SourceVersion "2"]
[SourceVersionDate "2009.01.28"]
[SourceQuality "1"]

1. e4 c5 2. Nf3 Nc6 3. c3 d5 4. exd5 Qxd5 5. d4 Bg4 6. Be2 Nf6 7. 0-0 e6 8. Na3 cxd4 9. Nb5 Qd8 10. Nbxd4 Nxd4 11. Nxd4 Bxe2 12. Qxe2 Be7 13. Bf4 0-0 14. Rad1 Qb6 15. Qb5 Bc5 16. Qxb6 Bxb6 17. h3 a6 18. Nc2 Nd5 19. Be5 Rac8 20. Rd2 Rfd8 21. Rfd1 Kf8 22. b3 f6 23. c4 fxe5 24. cxd5 exd5 25. Ne3 Bxe3 26. fxe3 Rc5 27. Rf1+ Ke7 28. Rdf2 Kd6 29. Rf7 Rc7 30. Rxc7 Kxc7 31. Rc1+ Kd6 32. Kf2 Rd7 33. Ke2 Rc7 34. Rxc7 Kxc7 35. a3 e4 36. Kd2 Kd6 37. g3 Ke5 38. Kc3 b6 39. g4 g5 40. Kc2 d4 41. Kd2 dxe3+ 42. Kxe3 h6 43. a4 a5 44. Ke2 Kd4 45. Kd2 e3+ 46. Ke2 Ke4 0-1

[Event "Arco op 30th"]
[Site "Arco"]
[Date "2008.10.24"]
[Round "7"]
[White "Savarese, Vincenzo"]
[Black "Thonig, Manfred"]
[Result "1-0"]
[WhiteElo "1821"]
[BlackElo "1709"]
[PlyCount "101"]
[EventDate "2008.10.18"]
[EventType "swiss"]
[EventRounds "9"]
[EventCountry "ITA"]
[SourceTitle "CBM 127 Extra"]
[Source "ChessBase"]
[SourceDate "2009.01.08"]
[SourceVersion "2"]
[SourceVersionDate "2009.01.28"]
[SourceQuality "1"]

1. e4 g6 2. d4 Bg7 3. Nc3 c6 4. a4 a5 5. Be3 d6 6. Nge2 Bg4 7. f3 Bd7 8. g4 e5 9. Ng3 Qb6 10. Nce2 Na6 11. c3 Nc7 12. Qd2 Qa7 13. dxe5 c5 14. exd6 Ne6 15. Bg2 Rd8 16. 0-0 Qb8 17. f4 Bc6 18. e5 Bxg2 19. Kxg2 Nh6 20. h3 f5 21. g5 Nf7 22. h4 h5 23. c4 b6 24. Nc3 Rd7 25. Qd5 Nfd8 26. Nb5 Qb7 27. Qxb7 Rxb7 28. Rad1 Kd7 29. Ne2 Nc6 30. Nec3 Nb4 31. Nd5 Nxd5 32. cxd5 Nd8 33. e6+ Nxe6 34. dxe6+ Kxe6 35. Bc1 Kd7 36. Rfe1 Bf8 37. Bd2 Rh7 38. Bc3 Kc6 39. Re6 Kd7 40. Rxg6 Rb8 41. Rf6 Re8 42. Be5 c4 43. Rxf5 Kc6 44. g6 Rd7 45. Rxh5 Bg7 46. Rd2 Rf8 47. Bxg7 Rxg7 48. f5 Rff7 49. Rg5 Rf6 50. h5 Rg8 51. h6 1-0

[Event "Porto Mannu op"]
[Site "Porto Mannu"]
[Date "2008.05.20"]
[Round "5"]
[White "Gulinelli, Euro"]
[Black "Savarese, Vincenzo"]
[Result "0-1"]
[WhiteElo "1658"]
[BlackElo "1830"]
[PlyCount "38"]
[EventDate "2008.05.17"]
[EventType "swiss"]
[EventRounds "9"]
[EventCountry "ITA"]
[SourceTitle "CBM 124 Extra"]
[Source "ChessBase"]
[SourceDate "2008.07.03"]
[SourceVersion "1"]
[SourceVersionDate "2008.07.03"]
[SourceQuality "1"]

1. e4 e6 2. d3 d5 3. Nd2 Nf6 4. e5 Nfd7 5. Ngf3 c5 6. c3 Nc6 7. d4 Qb6 8. Nb3 cxd4 9. cxd4 f6 10. exf6 Nxf6 11. Bd3 Bd6 12. 0-0 0-0 13. Bd2 e5 14. dxe5 Nxe5 15. Nxe5 Bxe5 16. Re1 Bxh2+ 17. Kf1 Qxf2+ 18. Kxf2 Ng4+ 19. Ke2 Rf2# 0-1

[Event "Arco op 29th"]
[Site "Arco"]
[Date "2007.10.24"]
[Round "5"]
[White "Savarese, Vincenzo"]
[Black "Bini, Gabriele"]
[Result "0-1"]
[WhiteElo "1859"]
[BlackElo "1736"]
[PlyCount "70"]
[EventDate "2007.10.20"]
[EventType "swiss"]
[EventRounds "9"]
[EventCountry "ITA"]
[SourceTitle "CBM 120 Extra"]
[Source "ChessBase"]
[SourceDate "2007.11.01"]
[SourceVersion "1"]
[SourceVersionDate "2007.11.01"]
[SourceQuality "1"]

1. e4 Nf6 2. e5 Nd5 3. d4 d6 4. Nf3 Bg4 5. Bc4 dxe5 6. dxe5 e6 7. 0-0 Nc6 8. Bb5 Be7 9. Re1 Ndb4 10. Nbd2 a6 11. Be2 Bf5 12. Bc4 Bxc2 13. Qe2 Bg6 14. Ne4 Nd4 15. Nxd4 Qxd4 16. Nc3 Nc2 17. Rd1 Qb6 18. Bd2 Nxa1 19. Be3 Qc6 20. Nb5 0-0 21. Nd4 Qe4 22. Bd3 Qxe5 23. Bxg6 hxg6 24. Nf3 Qb5 25. Qxb5 axb5 26. Rxa1 Bf6 27. Nd4 c6 28. Rc1 Rfd8 29. Nb3 Rxa2 30. Bb6 Rda8 31. Rd1 Rxb2 32. Nc5 Rba2 33. g3 Ra1 34. Rxa1 Rxa1+ 35. Kg2 Bd4 0-1

[Event "Arco op 29th"]
[Site "Arco"]
[Date "2007.10.22"]
[Round "3"]
[White "Wagner, Frank"]
[Black "Savarese, Vincenzo"]
[Result "1-0"]
[WhiteElo "1961"]
[BlackElo "1859"]
[PlyCount "54"]
[EventDate "2007.10.20"]
[EventType "swiss"]
[EventRounds "9"]
[EventCountry "ITA"]
[SourceTitle "CBM 120 Extra"]
[Source "ChessBase"]
[SourceDate "2007.11.01"]
[SourceVersion "1"]
[SourceVersionDate "2007.11.01"]
[SourceQuality "1"]

1. Nf3 d5 2. g3 Nf6 3. Bg2 Nc6 4. 0-0 e5 5. d3 Be7 6. Nbd2 0-0 7. c4 Re8 8. cxd5 Nxd5 9. Nc4 Bf8 10. a3 a5 11. Bg5 f6 12. Bd2 a4 13. b4 Nd4 14. Nxd4 exd4 15. Na5 Nb6 16. Nxb7 Qd7 17. Nc5 Bxc5 18. bxc5 Nd5 19. Re1 Rb8 20. Qc2 Rb3 21. Qc4 c6 22. Qxd4 Qg4 23. e4 Be6 24. f3 Qg6 25. exd5 Rxd3 26. Qf2 Rxd5 27. f4 Qc2 1-0

[Event "Porto Mannu op"]
[Site "Porto Mannu"]
[Date "2007.05.19"]
[Round "1"]
[White "Chiarotto, Filippo"]
[Black "Savarese, Vincenzo"]
[Result "1-0"]
[WhiteElo "2056"]
[BlackElo "1867"]
[PlyCount "40"]
[EventDate "2007.05.19"]
[EventType "swiss"]
[EventRounds "9"]
[EventCountry "ITA"]
[SourceTitle "CBM 118 Extra"]
[Source "ChessBase"]
[SourceDate "2007.07.04"]
[SourceVersion "1"]
[SourceVersionDate "2007.07.04"]
[SourceQuality "1"]

1. e4 e6 2. Qe2 Be7 3. g3 d5 4. e5 c5 5. Bg2 Nc6 6. c3 Bd7 7. d3 Qc7 8. Nf3 h5 9. h4 Nh6 10. Bf4 Ng4 11. 0-0 Qb6 12. c4 0-0-0 13. Nc3 Nd4 14. Nxd4 cxd4 15. Nxd5 exd5 16. cxd5 Bf5 17. d6 Bf8 18. Rfc1+ Kb8 19. Rc7 Rd7 20. Rac1 g6 1-0

[Event "Arco op 28th"]
[Site "Arco"]
[Date "2006.10.25"]
[Round "5"]
[White "Savarese, Vincenzo"]
[Black "Cottarelli, Franco"]
[Result "1/2-1/2"]
[WhiteElo "1865"]
[BlackElo "1958"]
[PlyCount "48"]
[EventDate "2006.10.21"]
[EventType "swiss"]
[EventRounds "9"]
[EventCountry "ITA"]
[SourceTitle "EXT 2007"]
[Source "ChessBase"]
[SourceDate "2006.11.23"]
[SourceVersion "1"]
[SourceVersionDate "2006.11.23"]
[SourceQuality "1"]

1. e4 c6 2. d4 d5 3. exd5 cxd5 4. Bd3 Nc6 5. c3 Nf6 6. Bf4 g6 7. Qc2 Bg7 8. h3 Bd7 9. Nf3 Rc8 10. a3 Qb6 11. 0-0 0-0 12. Nbd2 Nh5 13. Be3 f5 14. Ne5 Nb8 15. Bg5 Nf6 16. Ndf3 Bb5 17. c4 dxc4 18. Nxc4 Qc7 19. Rac1 Kh8 20. Qb3 Bxc4 21. Bxc4 Qd6 22. Ne5 Nc6 23. Bf4 Qxd4 24. Nxc6 Rxc6 1/2-1/2

[Event "Arco op 28th"]
[Site "Arco"]
[Date "2006.10.23"]
[Round "3"]
[White "Savarese, Vincenzo"]
[Black "Idili, Leonardo"]
[Result "1-0"]
[WhiteElo "1865"]
[BlackElo "1710"]
[PlyCount "53"]
[EventDate "2006.10.21"]
[EventType "swiss"]
[EventRounds "9"]
[EventCountry "ITA"]
[SourceTitle "EXT 2007"]
[Source "ChessBase"]
[SourceDate "2006.11.23"]
[SourceVersion "1"]
[SourceVersionDate "2006.11.23"]
[SourceQuality "1"]

1. e4 c5 2. c3 Nf6 3. e5 Nd5 4. d4 cxd4 5. Nf3 Nc6 6. cxd4 d6 7. Bc4 Nb6 8. Bb5 dxe5 9. Nxe5 Bd7 10. Nxd7 Qxd7 11. 0-0 g6 12. Nc3 Rd8 13. Qf3 a6 14. d5 axb5 15. dxc6 bxc6 16. Be3 Qc7 17. Rac1 Nc4 18. b3 Nxe3 19. fxe3 Qb6 20. Qxf7+ Kd7 21. Rfd1+ Kc7 22. Nd5+ Rxd5 23. Qxd5 Qxe3+ 24. Kh1 Bh6 25. Qxc6+ Kb8 26. Qxb5+ Ka8 27. Rc7 1-0

[Event "Arco op 28th"]
[Site "Arco"]
[Date "2006.10.22"]
[Round "2"]
[White "Bronznik, Valerij"]
[Black "Savarese, Vincenzo"]
[Result "1-0"]
[WhiteElo "2391"]
[BlackElo "1865"]
[PlyCount "69"]
[EventDate "2006.10.21"]
[EventType "swiss"]
[EventRounds "9"]
[EventCountry "ITA"]
[SourceTitle "EXT 2007"]
[Source "ChessBase"]
[SourceDate "2006.11.23"]
[SourceVersion "1"]
[SourceVersionDate "2006.11.23"]
[SourceQuality "1"]

1. d4 d5 2. c4 dxc4 3. Nf3 a6 4. e3 b5 5. a4 Bb7 6. b3 cxb3 7. axb5 axb5 8. Bxb5+ Nd7 9. Rxa8 Bxa8 10. 0-0 e6 11. Ne5 Ngf6 12. Qxb3 Bd6 13. Qa4 c6 14. Bxc6 Bxc6 15. Nxc6 Qc7 16. Qa8+ Nb8 17. Qxb8+ Qxb8 18. Nxb8 Bxb8 19. Ba3 Kd7 20. Nc3 Rc8 21. Na4 Rc2 22. Nc5+ Kc6 23. e4 Ba7 24. Nd3 Kd7 25. Ne5+ Kc7 26. Nxf7 Bxd4 27. Ng5 Kd7 28. Rd1 e5 29. Nf3 Ke6 30. Rxd4 Ra2 31. Rd6+ Kf7 32. Nxe5+ Ke8 33. Bc1 Ra1 34. Rd1 Nxe4 35. Re1 1-0

[Event "Pedavena op-A 2nd"]
[Site "Pedavena"]
[Date "2006.08.02"]
[Round "2"]
[White "Savarese, Vincenzo"]
[Black "Hutzheimer, Alfred"]
[Result "0-1"]
[WhiteElo "1859"]
[BlackElo "2146"]
[PlyCount "141"]
[EventDate "2006.08.01"]
[EventType "swiss"]
[EventRounds "7"]
[EventCountry "ITA"]
[SourceTitle "EXT 2023"]
[Source "ChessBase"]
[SourceDate "2022.10.05"]
[SourceVersion "1"]
[SourceVersionDate "2022.10.05"]
[SourceQuality "1"]

1. e4 c5 2. c3 e6 3. d4 d5 4. exd5 Qxd5 5. Nf3 Nc6 6. Be2 cxd4 7. cxd4 Nf6 8. Nc3 Bb4 9. 0-0 Qd8 10. Bg5 Be7 11. Re1 0-0 12. Rc1 Nd5 13. Ne4 Bxg5 14. Nexg5 Nf6 15. Qd2 h6 16. Nh3 e5 17. dxe5 Qxd2 18. Nxd2 Nxe5 19. Nf4 Bf5 20. Rc5 Nfd7 21. Rc7 g5 22. Nd5 Be6 23. Nc3 Rab8 24. Nde4 Rfc8 25. Rxc8+ Rxc8 26. Rd1 a6 27. g3 Kg7 28. Kg2 Rc7 29. Rd2 Nf6 30. Nxf6 Kxf6 31. Ne4+ Ke7 32. Nc3 Nc4 33. Bxc4 Rxc4 34. a3 b5 35. Re2 Kd7 36. Rd2+ Kc6 37. Rd8 b4 38. axb4 Rxb4 39. Rd2 Kc5 40. Ne2 a5 41. f4 g4 42. Nc1 Rc4 43. Nd3+ Kb5 44. Kf2 Ka4 45. Ke1 Rc8 46. Ne5 Rc1+ 47. Rd1 Rc2 48. Rd2 Kb3 49. Nd3 Bf5 50. Ne5 Be6 51. Nd3 Bd5 52. Ne5 Rxd2 53. Kxd2 Kxb2 54. Nxg4 a4 55. Nf2 a3 56. Nd1+ Kb3 57. Nc3 Be6 58. Ne2 a2 59. Nc1+ Kb2 60. Nxa2 Kxa2 61. Ke3 Bg4 62. Ke4 f5+ 63. Ke3 Kb3 64. Kf2 Bh3 65. Ke3 Kc4 66. Kf3 Kd4 67. Kf2 Kd3 68. Kg1 Ke3 69. Kh1 Kf3 70. Kg1 h5 71. Kh1 0-1

[Event "Pedavena op-A 2nd"]
[Site "Pedavena"]
[Date "2006.08.01"]
[Round "1"]
[White "Barlocco, Carlo"]
[Black "Savarese, Vincenzo"]
[Result "1-0"]
[WhiteElo "2183"]
[BlackElo "1859"]
[PlyCount "39"]
[EventDate "2006.08.01"]
[EventType "swiss"]
[EventRounds "7"]
[EventCountry "ITA"]
[SourceTitle "EXT 2023"]
[Source "ChessBase"]
[SourceDate "2022.10.05"]
[SourceVersion "1"]
[SourceVersionDate "2022.10.05"]
[SourceQuality "1"]

1. Nc3 d5 2. e4 e6 3. g3 Nf6 4. e5 Nfd7 5. f4 c5 6. Nf3 Nc6 7. Bg2 f6 8. 0-0 fxe5 9. fxe5 Be7 10. Qe2 0-0 11. d3 a6 12. Bd2 b5 13. Rae1 Bb7 14. Bh3 Rxf3 15. Bxe6+ Kh8 16. Qxf3 Nd4 17. Qf7 Nb6 18. Bf4 Nxc2 19. Re2 c4 20. Bh6 1-0

[Event "Ceriano Laghetto op-B 15th"]
[Site "Ceriano Laghetto"]
[Date "2006.04.01"]
[Round "3"]
[White "Villalba, Fernando"]
[Black "Savarese, Vincenzo"]
[Result "1-0"]
[WhiteElo "1899"]
[BlackElo "1848"]
[PlyCount "84"]
[EventDate "2006.03.31"]
[EventType "swiss"]
[EventRounds "5"]
[EventCountry "ITA"]
[SourceTitle "EXT 2011"]
[Source "ChessBase"]
[SourceDate "2010.11.26"]
[SourceVersion "1"]
[SourceVersionDate "2010.11.26"]
[SourceQuality "1"]

1. e4 e6 2. d4 d5 3. Nc3 h6 4. exd5 exd5 5. Nf3 Bf5 6. Bd3 Bxd3 7. Qxd3 c6 8. 0-0 Bd6 9. Re1+ Ne7 10. Ne2 Qc7 11. Ng3 g6 12. c4 Nd7 13. cxd5 cxd5 14. Be3 Qc4 15. Qd2 Bb4 16. Qd1 Bxe1 17. Qxe1 Qc6 18. Bf4 Qe6 19. Qd2 g5 20. Re1 Qg6 21. Qb4 0-0 22. Rxe7 gxf4 23. Nh4 Qd3 24. Ngf5 Rae8 25. h3 Nf6 26. Qd6 Qa6 27. Qxf4 Nh5 28. Qg4+ Kh7 29. Qxh5 Rxe7 30. Nxe7 Qe6 31. Qf5+ Kg7 32. Nxd5 Rd8 33. Qxe6 fxe6 34. Nf4 Kf6 35. Nf3 Kf5 36. Nd3 b6 37. Kf1 Rc8 38. Nde1 Rc1 39. Ke2 Ke4 40. Nd2+ Kd5 41. g4 e5 42. dxe5 Kxe5 1-0